000 01038nam a22003377a 4500
001 BR2020000014
003 BR-BrBNA
005 20230928105457.0
007 ta
008 230509b bl.||||| |||| 00| 0 por d
040 _aBR-BrBNA
_bpor
_cBiblioteca Nacional de Agricultura
041 _a(Por)
072 _aF07
090 _ F07 BR2020000014
100 1 _aCabezas, W.A.R.L. (ed.)
100 1 _aFreitas, P.L. de (ed)
110 1 _aUniversidade Federal de Uberlândia, MG (Brasil). Instituto de Ciências Agrárias
_910962
111 1 _a4. Encontro Regional de Plantio Direto no Cerrado
_cUberlândia, MG (Brazil)
_d10-13 May 1999
245 1 _aPlantio direto na integração lavoura-pecuária
250 1 _a2. ed.
260 3 _aUberlândia, MG (Brasil):
_c2001.
300 _a282 p.
500 _aIncludes several bibliographies
650 _aPLANTIO DIRETO
650 _aLAVOURA
650 _aPECUÁRIA
650 _aMANEJO DE SOLO
650 _aPASTAGEM
909 _a202309
_bLucia
_c55
_dLucia Elande
942 _cBK
999 _c85311
_d85311